| 000 | 00826nam a2200205 a 4500 | ||
|---|---|---|---|
| 003 | 0 | ||
| 005 | 20250206092551.0 | ||
| 008 | 130817s19uu xx 00 eng d | ||
| 050 |
_aPHS LB 1574.5 _b.M539 2013 |
||
| 100 | _aMendoza, Carolyne | ||
| 245 |
_aThe relationship of vocabulary learning strategies and vocabulary assessment of grade 8 students / _cCarolyne Mendoza. |
||
| 260 |
_aLas PiƱas City, Philippines : _bSouthville International School and Colleges, _c2013. |
||
| 300 |
_a29 pages : _billustrations ; _c28 cm. |
||
| 504 | _aIncludes bibliographical references. | ||
| 650 |
_aVocabulary _vStudy and teaching (Secondary education). |
||
| 650 |
_aLanguage acquisition _vStrategies. |
||
| 650 |
_aVocabulary tests _vEducational assessment. |
||
| 650 |
_aEnglish language _vLearning strategies. |
||
| 942 |
_2lcc _cPASS |
||
| 999 |
_c98930 _d98930 |
||